Flagi z grawitacją #1 - Statystyki

Ogólne statystyki
  • Ten quiz został rozwiązany 3 333 razy
  • Średni wynik to 13 z 16
Statystyki odpowiedzi
Obrazkowy Odpowiedź % Poprawnych
Brazylia
99%
Chiny
98%
Izrael
94%
Kazachstan
93%
Arabia Saudyjska
92%
Nowa Zelandia
90%
Laos
84%
Algieria
81%
Papua Nowa Gwinea
78%
Zambia
76%
Mikronezja
69%
Malediwy
68%
Mauretania
67%
Samoa
65%
Timor Wschodni
63%
Saint Vincent i Grenadyny
59%
Nie znaleziono quizów pasujących do podanych kryteriów
Rozkład punktacji
Procent ludzi z każdym wynikiem
Percentyl według liczby udzielonych odpowiedzi
Twoja historia wyników
Nie rozwiązałeś tego quizu